[Event "España tch - Primera División Grupo 1"]
[Site "Burguillos ESP"]
[Date "2008.??.??"]
[Round "2.81"]
[White "Perez Garcia, Roberto"]
[Black "Ferrer Sanchez, Pedro Jesus"]
[Result "1-0"]
[PlyCount "65"]
[EventDate "2008.08.13"]
[EventType "team"]
[EventCountry "ESP"]
[Source "lmi"]
[SourceDate "2008.08.13"]
[WhiteElo "2154"]
[BlackElo "2246"]

1. e4 c5 2. Nf3 d6 3. d4 cxd4 4. Nxd4 Nf6 5. Nc3 a6 6. Be3 e5 7. Nb3 Be7 8. f3
Be6 9. Qd2 O-O 10. O-O-O Qc7 11. g4 Rc8 12. Kb1 d5 13. exd5 Nxd5 14. Nxd5 Bxd5
15. Qf2 Qc6 16. Na5 Bxa2+ 17. Kxa2 Qa4+ 18. Kb1 Qxa5 19. h4 Nc6 20. Bc4 Nd4 21.
Bd3 Nc6 22. Bb6 Qa4 23. c3 Bd8 24. Bc5 Na5 25. Bf5 Qb5 26. Bxc8 Rxc8 27. Qd2 h6
28. Bb4 Nc6 29. Qd7 Rb8 30. Bd6 Ra8 31. Qe8+ Kh7 32. Qxf7 e4 33. g5 1-0

[Event "España tch - Primera División Grupo 1"]
[Site "Burguillos ESP"]
[Date "2008.??.??"]
[Round "2.82"]
[White "Galindo Rodriguez, Francisco"]
[Black "Corbalan Gomez, Juan Jose"]
[Result "1/2-1/2"]
[WhiteElo "2212"]
[BlackElo "2152"]
[PlyCount "139"]
[EventDate "2008.08.13"]
[EventType "team"]
[EventCountry "ESP"]
[Source "lmi"]
[SourceDate "2008.08.13"]

1. e4 c5 2. Nf3 Nc6 3. c4 g6 4. d4 cxd4 5. Nxd4 Bg7 6. Be3 Nf6 7. Nc3 Ng4 8.
Qxg4 Nxd4 9. Qd1 Ne6 10. Qd2 Qa5 11. Be2 Bxc3 12. bxc3 Nc5 13. Bxc5 Qxc5 14.
Qd4 Qxd4 15. cxd4 d6 16. Rb1 b6 17. Kd2 e5 18. Ke3 exd4+ 19. Kxd4 Be6 20. a4
Kd7 21. a5 Rhb8 22. axb6 Rxb6 23. Rxb6 axb6 24. Rb1 Ra2 25. Ke3 Kc6 26. h4 Kc5
27. Rb5+ Kc6 28. Rb1 h5 29. g3 Bc8 30. Bf3 Kc7 31. Rb4 Ba6 32. g4 hxg4 33. Bxg4
Kc6 34. h5 gxh5 35. Bxh5 Kc5 36. Rb1 Bxc4 37. Rc1 Ra7 38. Be2 b5 39. Bxc4 bxc4
40. Rd1 Ra3+ 41. Ke2 Ra6 42. Ke3 Rb6 43. Rd5+ Kb4 44. Rd1 Rc6 45. Kd2 c3+ 46.
Kc2 Ra6 47. Rd4+ Kc5 48. Rd3 Ra2+ 49. Kxc3 Rxf2 50. Rd5+ Kc6 51. Rh5 Kd7 52.
Kd4 Ke6 53. Rh6+ f6 54. Rh7 Rf4 55. Rh5 Rg4 56. Ke3 Rg3+ 57. Kf4 Rg1 58. Ke3
Rg3+ 59. Kd4 Rg5 60. Rh8 Rb5 61. Re8+ Kf7 62. Rd8 Ke7 63. Rh8 f5 64. Rh5 Rb4+
65. Kd5 fxe4 66. Rh6 Kf7 67. Rxd6 e3 68. Rh6 Rb8 69. Rh1 e2 70. Re1 1/2-1/2

[Event "España tch - Primera División Grupo 1"]
[Site "Burguillos ESP"]
[Date "2008.??.??"]
[Round "2.83"]
[White "Aranaz Portugues, Jose Carlos"]
[Black "Ortiz Aviles, Javier"]
[Result "0-1"]
[PlyCount "64"]
[EventDate "2008.08.13"]
[EventType "team"]
[EventCountry "ESP"]
[Source "lmi"]
[SourceDate "2008.08.13"]
[WhiteElo "2146"]
[BlackElo "1885"]

1. d4 d5 2. c4 c6 3. e3 Nf6 4. Nc3 e6 5. Nf3 Nbd7 6. Bd3 dxc4 7. Bxc4 b5 8. Bd3
b4 9. Ne2 Bb7 10. O-O Be7 11. e4 O-O 12. Ng3 c5 13. e5 Nd5 14. Qc2 h6 15. Qe2
N5b6 16. Rd1 Bd5 17. b3 a5 18. Bf4 a4 19. Nd2 cxd4 20. Qg4 Bg5 21. Nde4 Bxf4
22. Qxf4 g5 23. Qg4 Nxe5 24. Qh5 f5 25. Qxh6 fxe4 26. Bxe4 Ra7 27. Bxd5 Qxd5
28. Nh5 Ng4 29. Qg6+ Kh8 30. h3 Rxf2 31. Qe8+ Kh7 32. Nf6+ Nxf6 0-1

[Event "España tch - Primera División Grupo 1"]
[Site "Burguillos ESP"]
[Date "2008.??.??"]
[Round "2.91"]
[White "De La Cruz Sanchez, Carlos G."]
[Black "Dolezal, Cristian"]
[Result "0-1"]
[PlyCount "86"]
[EventDate "2008.08.13"]
[EventType "team"]
[EventCountry "ESP"]
[Source "lmi"]
[SourceDate "2008.08.13"]
[WhiteElo "2266"]
[BlackElo "2435"]

1. e4 c5 2. c3 e6 3. d4 d5 4. Nd2 Nf6 5. Bd3 Nc6 6. Ngf3 cxd4 7. cxd4 Nb4 8.
Bb1 Be7 9. O-O dxe4 10. Nxe4 Bd7 11. Nxf6+ Bxf6 12. Qb3 Qb6 13. Ne5 Nd5 14.
Nxd7 Kxd7 15. Qf3 Rad8 16. Be4 Kc8 17. Bf4 Nxf4 18. Qxf4 Qd6 19. Qf3 Rd7 20. d5
Kb8 21. dxe6 fxe6 22. Rfd1 Bd4 23. Rd3 e5 24. Qe2 Rf8 25. Rf3 Rxf3 26. Bxf3 Qb6
27. Rd1 Rf7 28. b3 a6 29. Kh1 Ka7 30. Rc1 g5 31. Qe4 h5 32. Qd5 Rf8 33. Qd7 e4
34. Bxe4 Rd8 35. Qf7 Bb2 36. Rb1 h4 37. h3 Rd2 38. Rf1 Be5 39. Qf5 Bf4 40. g3
hxg3 41. fxg3 Bxg3 42. Bg2 Bb8 43. Re1 Qd6 0-1

[Event "España tch - Primera División Grupo 1"]
[Site "Burguillos ESP"]
[Date "2008.??.??"]
[Round "2.92"]
[White "Calvo Alfonso, Vicente"]
[Black "Hernandez Leon, Alberto"]
[Result "1-0"]
[PlyCount "63"]
[EventDate "2008.08.13"]
[EventType "team"]
[EventCountry "ESP"]
[Source "lmi"]
[SourceDate "2008.08.13"]
[WhiteElo "2185"]
[BlackElo "2236"]

1. d4 d5 2. Nf3 Nf6 3. Bf4 e6 4. e3 Be7 5. Nbd2 O-O 6. Bd3 Nbd7 7. c3 b6 8. Ne5
Bb7 9. Qf3 c5 10. Qh3 g6 11. Ndf3 Nxe5 12. Nxe5 Nh5 13. Bh6 Ng7 14. f4 a6 15.
O-O b5 16. g4 f5 17. g5 Qe8 18. Rf3 Rf7 19. Nxf7 Qxf7 20. Bxg7 Qxg7 21. Qg2 b4
22. h4 Bc6 23. Rh3 a5 24. a3 Rb8 25. h5 gxh5 26. axb4 axb4 27. Rxh5 Be8 28. Rh1
Bd6 29. Bxf5 Bf7 30. Rxh7 Qxh7 31. Bxh7+ Kxh7 32. Ra7 1-0

[Event "España tch - Primera División Grupo 1"]
[Site "Burguillos ESP"]
[Date "2008.??.??"]
[Round "2.94"]
[White "Majul, Isolina"]
[Black "Martinez Villar, Jesus"]
[Result "1/2-1/2"]
[PlyCount "85"]
[EventDate "2008.08.13"]
[EventType "team"]
[EventCountry "ESP"]
[Source "lmi"]
[SourceDate "2008.08.13"]
[WhiteElo "2150"]
[BlackElo "2142"]

1. d4 Nf6 2. Nf3 e6 3. c4 b6 4. Nc3 Bb7 5. Qc2 d5 6. cxd5 exd5 7. Bg5 Be7 8. e3
O-O 9. Bd3 h6 10. Bxf6 Bxf6 11. O-O-O Nc6 12. a3 Na5 13. g4 c5 14. h4 cxd4 15.
exd4 Be7 16. g5 h5 17. Ne5 Bd6 18. Qe2 Bxe5 19. dxe5 g6 20. Be4 Qc7 21. Bxd5
Bxd5 22. Rxd5 Nc4 23. Rh3 Rad8 24. f4 Qc6 25. Qe4 Qe6 26. Rhd3 Rc8 27. Kb1 a6
28. Ka2 b5 29. b3 Na5 30. Qb4 Nb7 31. Rd2 Rc7 32. Kb2 Rfc8 33. R5d3 Qc6 34. Qe4
Nc5 35. Rd8+ Kg7 36. Qxc6 Rxc6 37. Rxc8 Rxc8 38. Rd6 Ne6 39. Rxa6 Nxf4 40. b4
Nd3+ 41. Kb3 Nc1+ 42. Kb2 Nd3+ 43. Kb3 1/2-1/2

[Event "España tch - Primera División Grupo 1"]
[Site "Burguillos ESP"]
[Date "2008.??.??"]
[Round "2.101"]
[White "Rubio Mejia, Luis Ignacio"]
[Black "Diaz Sanchez, Jose Francisco"]
[Result "1-0"]
[PlyCount "65"]
[EventDate "2008.08.13"]
[EventType "team"]
[EventCountry "ESP"]
[Source "lmi"]
[SourceDate "2008.08.13"]
[WhiteElo "2386"]
[BlackElo "1947"]

1. d4 d5 2. c4 c6 3. Nc3 Nf6 4. Nf3 e6 5. Bg5 Nbd7 6. e3 Be7 7. Rc1 O-O 8. Bd3
dxc4 9. Bxc4 b5 10. Bd3 a6 11. a4 Bb7 12. O-O Rc8 13. Qe2 b4 14. Bxf6 Nxf6 15.
Ne4 Nxe4 16. Bxe4 Bf6 17. Rc5 Be7 18. Rc2 Bd6 19. Rfc1 Qd7 20. Bd3 a5 21. Ng5
g6 22. Ne4 Be7 23. Nc5 Bxc5 24. Rxc5 Ra8 25. h4 h5 26. Rg5 Kg7 27. Qxh5 Rh8 28.
Rxg6+ fxg6 29. Qxg6+ Kf8 30. Qf6+ Kg8 31. Rc5 Rh7 32. Bxh7+ Qxh7 33. Rg5+ 1-0

[Event "España tch - Primera División Grupo 1"]
[Site "Burguillos ESP"]
[Date "2008.??.??"]
[Round "2.102"]
[White "Fernandez Molina, Victor M."]
[Black "Baigorri Navarro, Francisco Javier"]
[Result "1/2-1/2"]
[PlyCount "103"]
[EventDate "2008.08.13"]
[EventType "team"]
[EventCountry "ESP"]
[Source "lmi"]
[SourceDate "2008.08.13"]
[WhiteElo "1880"]
[BlackElo "2178"]

1. Nf3 Nf6 2. g3 g6 3. Bg2 Bg7 4. O-O O-O 5. c4 d5 6. cxd5 Nxd5 7. Nc3 e5 8. d3
Ne7 9. Bd2 Nbc6 10. Rc1 h6 11. a3 a5 12. Qc2 Nf5 13. e3 Qe7 14. Rfd1 Rd8 15.
Be1 Be6 16. Ne4 Bd5 17. Nfd2 Bf8 18. Nc3 Bxg2 19. Kxg2 Ng7 20. Ne2 Ne6 21. Qc4
Kh7 22. Nf3 Bg7 23. d4 e4 24. Nfg1 f5 25. b4 axb4 26. axb4 Rac8 27. b5 Nb8 28.
Bb4 Qe8 29. d5 Ng5 30. Nf4 Nd7 31. Bc3 Ne5 32. Bxe5 Bxe5 33. Nge2 Nf7 34. Ne6
Nd6 35. Qb3 Rd7 36. N2d4 Rf7 37. b6 cxb6 38. Qxb6 Rd7 39. Rxc8 Nxc8 40. Qb5 Kg8
41. Ra1 Nd6 42. Qe2 Qb8 43. g4 Bxd4 44. Nxd4 Qd8 45. Ne6 Qe8 46. Qb2 fxg4 47.
Qf6 Qf7 48. Ra8+ Ne8 49. Qe5 Qf3+ 50. Kg1 Qd1+ 51. Kg2 Qf3+ 52. Kg1 1/2-1/2

[Event "España tch - Primera División Grupo 1"]
[Site "Burguillos ESP"]
[Date "2008.??.??"]
[Round "2.111"]
[White "Garcia Molla, Victor"]
[Black "Vega Gutierrez, Sabrina"]
[Result "1-0"]
[PlyCount "104"]
[EventDate "2008.08.13"]
[EventType "team"]
[EventCountry "ESP"]
[Source "lmi"]
[SourceDate "2008.08.13"]
[WhiteElo "2301"]
[BlackElo "2281"]

1. d4 d6 2. e4 Nf6 3. f3 c5 4. d5 e6 5. c4 exd5 6. cxd5 g6 7. Ne2 Bg7 8. Ng3 h5
9. Be2 h4 10. Nf1 Nh5 11. Nc3 Be5 12. Be3 Nf4 13. Bb5+ Nd7 14. Qd2 Qf6 15. Rg1
a6 16. Be2 h3 17. g3 Ng2+ 18. Kd1 b5 19. f4 Bd4 20. Bf3 Nb6 21. Bxd4 cxd4 22.
Ne2 Ne3+ 23. Nxe3 dxe3 24. Qd4 Qxd4+ 25. Nxd4 O-O 26. g4 Re8 27. Ke2 Bb7 28.
Rge1 Na4 29. Kxe3 Nxb2 30. Reb1 Na4 31. Kd2 Rac8 32. Rc1 b4 33. Rxc8 Rxc8 34.
Rc1 Nc5 35. Nb3 Nxb3+ 36. axb3 Rxc1 37. Kxc1 Kf8 38. Kd2 Ke7 39. Ke3 a5 40. Be2
Bc8 41. g5 Bd7 42. Kd4 Bc8 43. e5 Bf5 44. Bd3 Bg4 45. Kc4 Bd1 46. Be4 Be2+ 47.
Bd3 Bf3 48. e6 Bg4 49. exf7 Kxf7 50. Kb5 Bf3 51. Bc4 Be4 52. Kxa5 Ke7 1-0

[Event "España tch - Primera División Grupo 1"]
[Site "Burguillos ESP"]
[Date "2008.??.??"]
[Round "2.112"]
[White "Camino Carrio, Nicanor"]
[Black "Plaza Pardo, Daniel"]
[Result "1-0"]
[PlyCount "87"]
[EventDate "2008.08.13"]
[EventType "team"]
[EventCountry "ESP"]
[Source "lmi"]
[SourceDate "2008.08.13"]
[WhiteElo "2196"]
[BlackElo "2207"]

1. e4 c5 2. Nf3 Nc6 3. Nc3 Nf6 4. d4 cxd4 5. Nxd4 e5 6. Ndb5 d6 7. Bg5 a6 8.
Na3 b5 9. Nd5 Be7 10. Bxf6 Bxf6 11. c4 b4 12. Nc2 a5 13. Qf3 Bg5 14. Rd1 O-O
15. Bd3 Be6 16. O-O Rb8 17. b3 Qd7 18. Qg3 Bd8 19. Nce3 Nd4 20. f4 f6 21. Kh1
a4 22. c5 axb3 23. axb3 Bc7 24. Bc4 Kh8 25. cxd6 Bxd6 26. f5 Bf7 27. Ng4 Bxd5
28. Bxd5 Rfc8 29. Rd3 Qe7 30. Qe1 Qf8 31. Rh3 h6 32. Rh5 Rc7 33. Qh4 Kh7 34.
Ne3 Rc3 35. Nc4 Nxb3 36. Qg4 Bc7 37. Qg6+ Kh8 38. g4 Rd3 39. g5 Rxd5 40. exd5
Nd4 41. d6 Bb6 42. Nxb6 Rd8 43. d7 b3 44. gxh6 1-0

[Event "España tch - Primera División Grupo 1"]
[Site "Burguillos ESP"]
[Date "2008.??.??"]
[Round "2.113"]
[White "Torres Garrigos, David"]
[Black "Vega Gutierrez, Belinda"]
[Result "0-1"]
[PlyCount "80"]
[EventDate "2008.08.13"]
[EventType "team"]
[EventCountry "ESP"]
[Source "lmi"]
[SourceDate "2008.08.13"]
[WhiteElo "2180"]
[BlackElo "2129"]

1. d4 e6 2. c4 Nf6 3. Nc3 Bb4 4. e3 O-O 5. Bd3 d5 6. Nge2 dxc4 7. Bxc4 c5 8. a3
cxd4 9. axb4 dxc3 10. Qb3 c2 11. O-O Nc6 12. Ng3 b6 13. e4 Bb7 14. Re1 Qd6 15.
Qxc2 Qxb4 16. Bd2 Qc5 17. b4 Nxb4 18. Qb3 Nc6 19. Rac1 Qe7 20. e5 Ng4 21. Qb2
Rfd8 22. Bf4 Na5 23. Bf1 Nxh2 24. Nh5 Nxf1 25. Nf6+ gxf6 26. exf6 Qd7 27. Qe2
Qd3 28. Qxd3 Rxd3 29. Kxf1 Rc8 30. Rb1 Rc4 31. Bh6 Rh4 32. Bg7 h5 33. Rbc1 Rh1+
34. Ke2 Rxe1+ 35. Kxe1 Kh7 36. g3 Kg6 37. Rb1 Nc6 38. Kf1 Ne5 39. Rc1 Rd7 40.
Ra1 Ng4 0-1

[Event "España tch - Primera División Grupo 1"]
[Site "Burguillos ESP"]
[Date "2008.??.??"]
[Round "2.114"]
[White "Galvan Ruiz, Mario"]
[Black "Gonzalez Aguirre, Luis"]
[Result "0-1"]
[PlyCount "90"]
[EventDate "2008.08.13"]
[EventType "team"]
[EventCountry "ESP"]
[Source "lmi"]
[SourceDate "2008.08.13"]
[WhiteElo "2019"]
[BlackElo "2133"]

1. e4 c6 2. d4 d5 3. Nc3 g6 4. Nf3 Bg7 5. h3 Nf6 6. e5 Ne4 7. Nxe4 dxe4 8. Ng5
c5 9. Bb5+ Nc6 10. c3 O-O 11. Bxc6 bxc6 12. O-O Qd5 13. Re1 Rd8 14. Nxe4 cxd4
15. cxd4 Bf5 16. Nc3 Qxd4 17. Qxd4 Rxd4 18. a3 a5 19. Be3 Rd3 20. f4 f6 21. Bc5
fxe5 22. fxe5 Kf7 23. Ne4 h6 24. Bf2 Rd5 25. Bg3 Bxe5 26. Ng5+ Kf6 27. Bxe5+
Rxe5 28. Rxe5 Kxe5 29. Nf7+ Kd4 30. Nxh6 Bd3 31. Ng4 e5 32. Nf2 Rb8 33. Nxd3
Kxd3 34. Rc1 Rxb2 35. Rxc6 e4 36. Rxg6 e3 37. Rd6+ Ke2 38. h4 Rd2 39. Re6 Rd1+
40. Kh2 Rd5 41. g4 Kf3 42. g5 Rd4 43. Kh3 e2 44. g6 Re4 45. Rf6+ Ke3 0-1

[Event "España tch - Primera División Grupo 1"]
[Site "Burguillos ESP"]
[Date "2008.??.??"]
[Round "2.121"]
[White "Serna Lara, Sergio"]
[Black "Figuero Toro, Julian Francisco"]
[Result "0-1"]
[PlyCount "136"]
[EventDate "2008.08.13"]
[EventType "team"]
[EventCountry "ESP"]
[Source "lmi"]
[SourceDate "2008.08.13"]
[WhiteElo "2247"]
[BlackElo "2234"]

1. d4 Nf6 2. c4 g6 3. Nc3 Bg7 4. e4 d6 5. Be2 O-O 6. Nf3 e5 7. O-O Nc6 8. d5
Ne7 9. Kh1 Ne8 10. Ne1 f5 11. exf5 Nxf5 12. Nf3 h6 13. Bd3 Nf6 14. Nd2 g5 15.
Nde4 a6 16. Bd2 Nd4 17. Be3 Bf5 18. Ng3 Bg4 19. f3 Bd7 20. Nce2 c5 21. Nc3 Qe7
22. Nce4 Nxe4 23. Bxe4 Nf5 24. Nxf5 Bxf5 25. Qd3 Bd7 26. a4 Rab8 27. a5 b5 28.
axb6 Rxb6 29. b3 Rfb8 30. Ra3 Bc8 31. Rb1 Bf8 32. Bd2 Qf6 33. Qe2 h5 34. Bc2 h4
35. Qe4 R6b7 36. h3 Rg7 37. b4 cxb4 38. Rxb4 Rxb4 39. Bxb4 Qf4 40. Qxf4 exf4
41. Bc3 Rc7 42. Bf6 Bg7 43. Bxg5 Rxc4 44. Ra2 Bb7 45. Kh2 Be5 46. Bxh4 Kg7 47.
Bd3 Rc1 48. Bf2 Bxd5 49. Rxa6 Rd1 50. Ra7+ Kf8 51. Bf5 Rd2 52. Ra5 Bxf3 53.
gxf3 Rxf2+ 54. Kg1 Rxf3 55. Bg4 Bd4+ 56. Kg2 Rf2+ 57. Kh1 Bc5 58. Ra4 Ke7 59.
Re4+ Kf6 60. Re2 Rf1+ 61. Kg2 Ra1 62. Re6+ Kg5 63. Re8 Rg1+ 64. Kf3 Rg3+ 65.
Ke2 Rc3 66. Rf8 Rc2+ 67. Kf3 Rf2+ 68. Ke4 d5+ 0-1

[Event "España tch - Primera División Grupo 1"]
[Site "Burguillos ESP"]
[Date "2008.??.??"]
[Round "2.122"]
[White "Garcia Vidal, Francisco Jose"]
[Black "Picazo Lopez, Juan Antonio"]
[Result "0-1"]
[PlyCount "105"]
[EventDate "2008.08.13"]
[EventType "team"]
[EventCountry "ESP"]
[Source "lmi"]
[SourceDate "2008.08.13"]
[WhiteElo "2026"]
[BlackElo "2226"]

1. e4 d5 2. exd5 Nf6 3. d4 Nxd5 4. c4 Nb6 5. Nc3 e5 6. Be3 exd4 7. Bxd4 Nc6 8.
Bxb6 Qxd1+ 9. Rxd1 axb6 10. a3 Be6 11. Nf3 Be7 12. Be2 O-O 13. O-O Rfd8 14. Nb5
Rxd1 15. Rxd1 Bd8 16. Nfd4 Nxd4 17. Nxd4 Bd7 18. Bf3 c6 19. Be4 g6 20. h3 Bf6
21. Nc2 Be6 22. b3 Re8 23. Bf3 b5 24. Nd4 Bxd4 25. Rxd4 bxc4 26. bxc4 Ra8 27.
Kh2 Kg7 28. c5 Rxa3 29. Rb4 Bc8 30. Rd4 Kf6 31. Rd8 Be6 32. Rh8 Ra4 33. Rb8 Ra7
34. Kg3 Ke5 35. Rd8 Ra5 36. Be2 Rxc5 37. f4+ Kf6 38. Rb8 b5 39. Rb6 Bd5 40. Kf2
Rc2 41. Ke3 Bxg2 42. h4 h5 43. Bd3 Rc1 44. Ra6 Kg7 45. Ra2 Bd5 46. Rc2 Rxc2 47.
Bxc2 c5 48. Bd3 b4 49. Bb1 Kf6 50. Bc2 Ke7 51. f5 Kf6 52. fxg6 fxg6 53. Bb1 0-1

[Event "España tch - Primera División Grupo 1"]
[Site "Burguillos ESP"]
[Date "2008.??.??"]
[Round "2.123"]
[White "Parada Medrano, Ivan"]
[Black "Mimbrero Cuello, Diego"]
[Result "1-0"]
[PlyCount "47"]
[EventDate "2008.08.13"]
[EventType "team"]
[EventCountry "ESP"]
[Source "lmi"]
[SourceDate "2008.08.13"]
[WhiteElo "2122"]
[BlackElo "1841"]

1. d4 d6 2. c4 Nf6 3. Nc3 c6 4. e4 Qa5 5. Bd3 e5 6. Nge2 exd4 7. Nxd4 Qb6 8.
Nde2 Bg4 9. h3 Bh5 10. g4 Bg6 11. f4 h5 12. e5 Bxd3 13. Qxd3 dxe5 14. fxe5 Nfd7
15. e6 Ne5 16. exf7+ Nxf7 17. Qe4+ Be7 18. Be3 Qc7 19. Bf4 Qc8 20. O-O-O Nd7
21. Nd4 Nc5 22. Qg6 Qd7 23. Nf5 Nd3+ 24. Rxd3 1-0

[Event "España tch - Primera División Grupo 1"]
[Site "Burguillos ESP"]
[Date "2008.??.??"]
[Round "2.132"]
[White "Sanchez Silva, Luis Agapito"]
[Black "Baena Canadas, Jesus"]
[Result "1/2-1/2"]
[PlyCount "167"]
[EventDate "2008.08.13"]
[EventType "team"]
[EventCountry "ESP"]
[Source "lmi"]
[SourceDate "2008.08.13"]
[WhiteElo "2105"]
[BlackElo "2074"]

1. e4 e5 2. Nf3 Nc6 3. d4 exd4 4. Nxd4 Bc5 5. Be3 Qf6 6. c3 Qg6 7. f3 Nf6 8.
Qd2 O-O 9. Bd3 Ne5 10. Bb5 d6 11. O-O c6 12. Be2 Bh3 13. Rf2 Rae8 14. b4 Bb6
15. Kh1 Bc8 16. Rf1 d5 17. exd5 Nxd5 18. Bg1 Bc7 19. Na3 a5 20. b5 Rd8 21. f4
Ng4 22. f5 Qh5 23. h3 Ndf6 24. Bxg4 Nxg4 25. Qe2 Nf6 26. Qxh5 Nxh5 27. Bh2 Ng3+
28. Bxg3 Bxg3 29. bxc6 bxc6 30. Nxc6 Rd7 31. Nxa5 Ra7 32. N3c4 h5 33. Rf3 h4
34. Nb3 Bb7 35. Re3 Rfa8 36. a3 Bd5 37. Nbd2 Ra4 38. Nb6 Rxa3 39. Rf1 Rd8 40.
Nxd5 Rxd5 41. Ne4 Re5 42. Re2 Rxf5 43. Nxg3 hxg3 44. Kg1 Rxf1+ 45. Kxf1 Rxc3
46. Re8+ Kh7 47. Ke2 f5 48. Rf8 Kg6 49. Kd2 Ra3 50. Ke2 Kg5 51. Rg8 g6 52. Rf8
Kf4 53. Rc8 Ra2+ 54. Kf1 Ra1+ 55. Ke2 Ra4 56. Rc2 g5 57. Rb2 g4 58. hxg4 Kxg4
59. Rc2 f4 60. Rb2 Ra1 61. Rb8 Ra2+ 62. Kf1 Ra5 63. Rg8+ Rg5 64. Rf8 Rf5 65.
Rg8+ Kh5 66. Ke2 Rg5 67. Rf8 Kg4 68. Rf7 Re5+ 69. Kf1 Re6 70. Rg7+ Kf5 71. Rf7+
Ke4 72. Ke2 Re8 73. Rf6 Ra8 74. Re6+ Kf5 75. Re7 Ra2+ 76. Kf1 Ra1+ 77. Ke2 Rg1
78. Rf7+ Ke5 79. Kf3 Rf1+ 80. Kg4 Rf2 81. Kh3 Ke4 82. Re7+ Kd3 83. Kg4 Kd2 84.
Re8 1/2-1/2

[Event "España tch - Primera División Grupo 1"]
[Site "Burguillos ESP"]
[Date "2008.08.14"]
[Round "3.11"]
[White "Teran Alvarez, Ismael"]
[Black "Borisek, Jure"]
[Result "0-1"]
[WhiteElo "2442"]
[BlackElo "2537"]
[PlyCount "74"]
[EventDate "2008.08.13"]
[EventType "team"]
[EventCountry "ESP"]
[Source "lmi"]
[SourceDate "2008.08.13"]

1. e4 e5 2. Nf3 Nc6 3. Bb5 a6 4. Ba4 Nf6 5. O-O Be7 6. Re1 b5 7. Bb3 d6 8. c3
O-O 9. h3 Nb8 10. d4 Nbd7 11. Nbd2 Bb7 12. Bc2 Re8 13. Nf1 Bf8 14. Ng3 c6 15.
Nf5 Qc7 16. dxe5 dxe5 17. Nh2 c5 18. Ng4 c4 19. Bg5 Nxg4 20. Qxg4 Kh8 21. Rad1
Nc5 22. h4 f6 23. Be3 Rad8 24. Bxc5 Bxc5 25. Qf3 g6 26. Ne3 f5 27. h5 Kg7 28.
hxg6 Bxe3 29. Qxe3 f4 30. Qh3 hxg6 31. Qh4 Rh8 32. Qg4 Bc8 33. Qe2 Rh5 34. Rxd8
Qxd8 35. Qd1 Qh4 36. f3 Qh2+ 37. Kf1 Qg3 0-1

[Event "España tch - Primera División Grupo 1"]
[Site "Burguillos ESP"]
[Date "2008.08.14"]
[Round "3.12"]
[White "Perez Garcia, Rodney"]
[Black "Razmyslov, Alexander"]
[Result "1/2-1/2"]
[WhiteElo "2432"]
[BlackElo "2387"]
[PlyCount "92"]
[EventDate "2008.08.13"]
[EventType "team"]
[EventCountry "ESP"]
[Source "lmi"]
[SourceDate "2008.08.13"]

1. e4 c5 2. Nf3 d6 3. d4 cxd4 4. Nxd4 Nf6 5. Nc3 a6 6. Be3 e5 7. Nb3 Be6 8. f3
Nbd7 9. g4 Be7 10. Qd2 b5 11. O-O-O b4 12. Nd5 Bxd5 13. exd5 Nb6 14. Na5 Nbxd5
15. Nc4 Nxe3 16. Nxe3 Nd7 17. Nd5 Bh4 18. Qxb4 Nc5 19. Qb6 O-O 20. Qxd8 Rfxd8
21. b4 Ne6 22. Kb2 Kf8 23. c3 a5 24. a3 Ra7 25. Bc4 g6 26. Rhf1 Kg7 27. f4 Rc8
28. Bb3 exf4 29. Nxf4 Nxf4 30. Rxf4 Bf6 31. Rd3 axb4 32. axb4 Be5 33. Rc4 Rxc4
34. Bxc4 Bxh2 35. Bd5 Rc7 36. b5 Bg1 37. Rd1 Bc5 38. Rf1 f6 39. Rh1 Re7 40. Ra1
Kh6 41. Ra6 Re5 42. Bc6 Re2+ 43. Kb3 Re1 44. Kc2 Re2+ 45. Kb3 Re1 46. Kc2 Re2+
1/2-1/2

[Event "España tch - Primera División Grupo 1"]
[Site "Burguillos ESP"]
[Date "2008.08.14"]
[Round "3.13"]
[White "Barrero Garcia, Carlos"]
[Black "Recuero Guerra, David"]
[Result "1-0"]
[WhiteElo "2339"]
[BlackElo "2417"]
[PlyCount "75"]
[EventDate "2008.08.13"]
[EventType "team"]
[EventCountry "ESP"]
[Source "lmi"]
[SourceDate "2008.08.13"]

1. d4 Nf6 2. c4 e6 3. Nc3 Bb4 4. e3 b6 5. Nge2 c5 6. a3 Ba5 7. Rb1 Na6 8. Qa4
Bxc3+ 9. Nxc3 O-O 10. Be2 Bb7 11. O-O Qc8 12. d5 exd5 13. cxd5 Re8 14. e4 c4
15. f3 Qc5+ 16. Rf2 Rec8 17. Bg5 Nb8 18. Rc1 a6 19. Nd1 b5 20. Qa5 Nxd5 21.
exd5 Qxd5 22. Be3 Nc6 23. Qb6 Ne7 24. Nc3 Qc6 25. Rd1 Qxb6 26. Bxb6 Bc6 27. Bc5
Nf5 28. g4 Nh4 29. Nd5 Bxd5 30. Rxd5 Ng6 31. f4 d6 32. Bxd6 c3 33. bxc3 Rxc3
34. f5 Nf8 35. Bb4 Rb3 36. Rf3 Rb2 37. Kf2 Rc8 38. Rfd3 1-0

[Event "España tch - Primera División Grupo 1"]
[Site "Burguillos ESP"]
[Date "2008.08.14"]
[Round "3.14"]
[White "Suarez Real, Alberto"]
[Black "Herrera Delgado, Alejandro"]
[Result "1-0"]
[WhiteElo "2401"]
[BlackElo "2204"]
[PlyCount "45"]
[EventDate "2008.08.13"]
[EventType "team"]
[EventCountry "ESP"]
[Source "lmi"]
[SourceDate "2008.08.13"]

1. e4 c5 2. Nf3 Nf6 3. e5 Nd5 4. d4 cxd4 5. Qxd4 e6 6. Bc4 Nc6 7. Qe4 f5 8. Qe2
Nde7 9. h4 Ng6 10. Nc3 Qa5 11. Bb5 Bb4 12. Bd2 Qc7 13. O-O-O O-O 14. Rhe1 d5
15. exd6 Bxd6 16. Kb1 Bd7 17. Ng5 Rf6 18. Bc4 Nge5 19. Nb5 Nd4 20. Nxc7 Nxe2
21. Nxa8 Nd4 22. Rxe5 Bxe5 23. Bc3 1-0

[Event "España tch - Primera División Grupo 1"]
[Site "Burguillos ESP"]
[Date "2008.08.14"]
[Round "3.21"]
[White "Macieja, Bartlomiej"]
[Black "Cabrera, Alexis"]
[Result "1/2-1/2"]
[WhiteElo "2606"]
[BlackElo "2513"]
[PlyCount "59"]
[EventDate "2008.08.13"]
[EventType "team"]
[EventCountry "ESP"]
[Source "lmi"]
[SourceDate "2008.08.13"]

1. e4 c5 2. Nf3 d6 3. d4 cxd4 4. Nxd4 Nf6 5. Nc3 Nc6 6. Bc4 Bd7 7. Bb3 g6 8.
Be3 Ng4 9. Nxc6 bxc6 10. Qf3 Nf6 11. Bd4 Bg7 12. e5 dxe5 13. Bxe5 O-O 14. O-O-O
Qc8 15. Qe2 Re8 16. Rhe1 Be6 17. Bxf6 exf6 18. Bxe6 Rxe6 19. Qc4 Rxe1 20. Rxe1
Qd7 21. Rd1 Qe8 22. Qe4 Bh6+ 23. Kb1 f5 24. Qxe8+ Rxe8 25. Rf1 Bg7 26. Na4 f4
27. Nc5 f3 28. gxf3 Re5 29. Nd3 Rf5 30. f4 1/2-1/2

[Event "España tch - Primera División Grupo 1"]
[Site "Burguillos ESP"]
[Date "2008.08.14"]
[Round "3.22"]
[White "Garcia Roman, Daniel"]
[Black "Wojtaszek, Radoslaw"]
[Result "1/2-1/2"]
[WhiteElo "2428"]
[BlackElo "2593"]
[PlyCount "109"]
[EventDate "2008.08.13"]
[EventType "team"]
[EventCountry "ESP"]
[Source "lmi"]
[SourceDate "2008.08.13"]

1. d4 Nf6 2. c4 g6 3. Nc3 Bg7 4. e4 d6 5. f3 O-O 6. Be3 c5 7. Nge2 Nc6 8. Qd2
Qa5 9. d5 Ne5 10. Nc1 a6 11. Nb3 Qc7 12. Be2 e6 13. Bg5 exd5 14. Bxf6 Bxf6 15.
Nxd5 Qd8 16. Nxf6+ Qxf6 17. O-O Nc6 18. Rad1 a5 19. Qxd6 Qxb2 20. Rd2 Qc3 21.
Qxc5 a4 22. Rc1 Qf6 23. Na1 Be6 24. Nc2 Rfd8 25. Rxd8+ Rxd8 26. Qe3 Qb2 27. Qa3
Qe5 28. Qe3 f5 29. exf5 Bxf5 30. Qxe5 Nxe5 31. Nb4 Rd2 32. Bf1 a3 33. c5 Kg7
34. Re1 Nc6 35. Nxc6 bxc6 36. g4 Bd7 37. Re3 Kf6 38. Rxa3 Be6 39. Rd3 Rxd3 40.
Bxd3 Ke5 41. Be4 Bxa2 42. Bxc6 Kd4 43. Be4 Kxc5 44. Kf2 Kd4 45. h4 Ke5 46. Ke3
Kf6 47. g5+ Kg7 48. h5 gxh5 49. f4 h6 50. g6 Kf6 51. f5 Bb3 52. Kf4 Bd1 53. Bf3
Bc2 54. Be4 Bd1 55. Bf3 1/2-1/2